A companion to Indian cinema / (Record no. 31668)

000 -LEADER
fixed length control field 01509cam a22004218i 4500
001 - CONTROL NUMBER
control field 21879178
005 - DATE AND TIME OF LATEST TRANSACTION
control field 20230715134846.0
006 - FIXED-LENGTH DATA ELEMENTS--ADDITIONAL MATERIAL CHARACTERISTICS
fixed length control field m |o d |
007 - PHYSICAL DESCRIPTION FIXED FIELD--GENERAL INFORMATION
fixed length control field cr |||||||||||
008 - FIXED-LENGTH DATA ELEMENTS--GENERAL INFORMATION
fixed length control field 210125t20212021nju ob 001 0 eng c
010 ## - LIBRARY OF CONGRESS CONTROL NUMBER
LC control number 2020058496
020 ## - INTERNATIONAL STANDARD BOOK NUMBER
International Standard Book Number 9781119048206
020 ## - INTERNATIONAL STANDARD BOOK NUMBER
Canceled/invalid ISBN 9781119048190
020 ## - INTERNATIONAL STANDARD BOOK NUMBER
International Standard Book Number 9781119048282
020 ## - INTERNATIONAL STANDARD BOOK NUMBER
International Standard Book Number 9781119048268
020 ## - INTERNATIONAL STANDARD BOOK NUMBER
Canceled/invalid ISBN 9781119048176
040 ## - CATALOGING SOURCE
Original cataloging agency DLC
Language of cataloging eng
Transcribing agency DLC
Description conventions rda
042 ## - AUTHENTICATION CODE
Authentication code pcc
050 00 - LIBRARY OF CONGRESS CALL NUMBER
Classification number PN 1993.5.I8 .C66 2022
082 00 - DEWEY DECIMAL CLASSIFICATION NUMBER
Classification number 791.430954
Edition number 23
245 02 - TITLE STATEMENT
Title A companion to Indian cinema /
Statement of responsibility, etc. edited by Neepa Majumdar and Ranjani Mazumdar.
246 13 - VARYING FORM OF TITLE
Title proper/short title Wiley Blackwell companion to Indian cinema
263 ## - PROJECTED PUBLICATION DATE
Projected publication date 2109
300 ## - PHYSICAL DESCRIPTION
Extent 1 online resource
490 0# - SERIES STATEMENT
Series statement Wiley Blackwell companions to national cinemas
500 ## - GENERAL NOTE
General note Series statement from CIP data view.
504 ## - BIBLIOGRAPHY, ETC. NOTE
Bibliography, etc Includes bibliographical references and index.
650 #0 - SUBJECT ADDED ENTRY--TOPICAL TERM
Topical term or geographic name as entry element Motion pictures
Geographic subdivision India.
650 #0 - SUBJECT ADDED ENTRY--TOPICAL TERM
Topical term or geographic name as entry element Motion picture industry
Geographic subdivision India.
700 1# - ADDED ENTRY--PERSONAL NAME
Personal name Majumdar, Neepa,
Dates associated with a name 1961-
Relator term editor.
700 1# - ADDED ENTRY--PERSONAL NAME
Personal name Mazumdar, Ranjani,
Relator term editor.
710 2# - ADDED ENTRY--CORPORATE NAME
Corporate name or jurisdiction name as entry element John Wiley & Sons,
Relator term publisher.
776 08 - ADDITIONAL PHYSICAL FORM ENTRY
Relationship information Print version:
Title A companion to Indian cinema
Place, publisher, and date of publication Hoboken, NJ : John Wiley & Sons, Inc., 2021.
International Standard Book Number 9781119048190
Record control number (DLC) 2020058495
830 #0 - SERIES ADDED ENTRY--UNIFORM TITLE
Uniform title Wiley-Blackwell companions to national cinemas.
906 ## - LOCAL DATA ELEMENT F, LDF (RLIN)
a 7
b cbc
c orignew
d 1
e ecip
f 20
g y-gencatlg
942 ## - ADDED ENTRY ELEMENTS (KOHA)
Source of classification or shelving scheme
Koha item type Hard Covered Materials
Classification part PN 1993.5.I8 .C66 2022
Holdings
Withdrawn status Lost status Source of classification or shelving scheme Damaged status Not for loan Home library Current library Shelving location Date acquired Source of acquisition Total Checkouts Full call number Barcode Date last seen Price effective from Koha item type
          MACHAKOS UNIVERSITY LIBRARY MACHAKOS UNIVERSITY LIBRARY Open shelf 15/07/2023 Donation (falcon books)   PN 1993.5.I8 .C66 2022 39482 03/07/2023 15/07/2023 Hard Covered Materials
© Machakos University Library, Along The Highway, Machakos Wote Rd, Machakos, Kenya P.O. Box 136 - 90100 Machakos - Kenya

Tel: ( +254 ) 723 805829 OR Fax : 044-20353 OR Email: library@mksu.ac.ke